000 01009nam a22002537a 4500
005 20170124102940.0
010 _aA-357618
020 _c20.00
035 _aA-357618
037 _bCen Lib/Ret
040 _aDPL
_bHN
082 _a822
_bवशिष्ठ
100 _aवशिष्ठ, सुदर्शन
_948161
245 _aनदी और रेत /
_cसुदर्शन वशिष्ठ
246 _aNadi aur rait /
_bby Sudershan Vashishth
260 _aदिल्ली
_bहिमाचल पुस्तक भंडार
_c1988
270 _aIX/221, सरस्वती भंडार, गाँधी नगर
_bदिल्ली
_e110031
300 _a70पृ.
_c17सेमी (सजिल्द)
650 _aहिन्दी साहित्य
_948162
650 _aहिन्दी--नाटक
_91413
650 _aHindi Literature
_948163
650 _aHindi--Play
_948164
942 _2ddc
_cHN
_h822
_mवशिष्ठ
999 _c112554
_d112554